[Event "ch-MGL Women 2017"]
[Site "masterchessopen.com Dadal MGL"]
[Date "2017.03.23"]
[Round "8.1"]
[White "Lkhamsuren,U"]
[Black "Ulziikhishigjargal,Ochirkhuyag"]
[Result "1-0"]
[WhiteElo "2189"]
[BlackElo "1956"]

1.d4 Nf6 2.c4 e6 3.g3 Be7 4.Bg2 d5 5.Nf3 O-O 6.O-O c6 7.Qc2 b6 8.Nbd2 Bb7 9.e4
Na6 10.e5 Ne8 11.b3 c5 12.dxc5 Nxc5 13.Rd1 Qc7 14.Bb2 Rc8 15.Nd4 dxc4 16.Nb5
Qb8 17.Nxc4 Bxg2 18.Kxg2 Nb7 19.Qe4 a6 20.Nd4 b5 21.Nc6 Nc5 22.Nxe7+ Kh8
23.Qf3 bxc4 24.Nxc8 Qxc8 25.Ba3 Rg8 26.Rac1 Nb7 27.Rxc4 Qb8 28.Rb4 {#r} 1-0

[Event "ch-MGL Women 2017"]
[Site "masterchessopen.com Dadal MGL"]
[Date "2017.03.23"]
[Round "8.3"]
[White "Batchimeg,Tuvshintugs"]
[Black "Bayarmaa,G"]
[Result "1-0"]
[WhiteElo "2403"]
[BlackElo "1941"]

1.d4 f5 2.Bg5 h6 3.Bf4 Nf6 4.h4 h5 5.e3 e6 6.Nd2 d6 7.Bd3 g6 8.e4 Be7 9.Ngf3
Nh7 10.Qe2 b6 11.O-O-O O-O 12.Bh6 Re8 13.Rde1 Nc6 14.Bb5 Bd7 15.exf5 exf5
16.Bxc6 Bxc6 17.Qc4+ Bd5 18.Qxd5+ {#r} 1-0

[Event "ch-MGL Women 2017"]
[Site "masterchessopen.com Dadal MGL"]
[Date "2017.03.23"]
[Round "8.5"]
[White "Uuriintuya,Uurtsaikh"]
[Black "Ankhchimeg,B"]
[Result "1-0"]
[WhiteElo "2218"]
[BlackElo "2156"]

1.e4 c5 2.Nf3 Nc6 3.d4 cxd4 4.Nxd4 Nf6 5.Nc3 e5 6.Ndb5 d6 7.Bg5 a6 8.Na3 b5
9.Nd5 Be7 10.Bxf6 Bxf6 11.c4 b4 12.Nc2 a5 13.g3 g6 14.h4 h5 15.Bg2 Bg7 16.b3
Be6 17.O-O O-O 18.Qd2 Bxd5 19.Qxd5 Qb6 20.Qd2 a4 21.Rfb1 Qc5 22.Qd1 Ra7 23.g4
hxg4 24.Qxg4 Rfa8 25.h5 gxh5 26.Qxh5 Nd4 27.Qd1 Ne6 28.Ne3 Qd4 29.Qe1 Qc5
30.a3 axb3 31.axb4 Qd4 32.Rxa7 Rxa7 33.Rxb3 Nf4 34.Qf1 Bf6 35.b5 Bh4 36.b6 Ra1
37.b7 Bxf2+ 38.Kh2 Rxf1 39.b8=Q+ Kg7 40.Nf5+ Kh7 41.Nxd4 {#r} 1-0

[Event "ch-MGL Women 2017"]
[Site "masterchessopen.com Dadal MGL"]
[Date "2017.03.23"]
[Round "9.1"]
[White "Yanjindulam,D"]
[Black "Lkhamsuren,U"]
[Result "1-0"]
[WhiteElo "2113"]
[BlackElo "2189"]

1.e4 e6 2.d4 d5 3.Nc3 Bb4 4.e5 c5 5.a3 Bxc3+ 6.bxc3 Ne7 7.Nf3 Qc7 8.Bd3 b6
9.Bb5+ Bd7 10.Bd3 Ba4 11.O-O c4 12.Be2 Nbc6 13.Ne1 O-O-O 14.f4 Nf5 15.Rf3 h5
16.Rh3 g6 17.Nf3 Qe7 18.Bd2 f6 19.Qc1 Rdf8 20.Rb1 Kb7 21.Be1 Qd8 22.Bf2 Rfg8
23.exf6 Qxf6 24.Ng5 Nd6 25.Re3 Re8 26.Bf3 Qf5 27.Re2 Nb5 28.Qd2 Nc7 29.Rbe1
Nd8 30.Bh4 Nf7 31.Ne4 Ka6 32.Ng3 Qxc2 33.Qxc2 Bxc2 34.Rxc2 {#r} 1-0

[Event "ch-MGL Women 2017"]
[Site "masterchessopen.com Dadal MGL"]
[Date "2017.03.23"]
[Round "9.2"]
[White "Ankhchimeg,B"]
[Black "Amina,Battsooj"]
[Result "1-0"]
[WhiteElo "2156"]
[BlackElo "2190"]

1.e4 e5 2.Nf3 Nc6 3.Bb5 a6 4.Ba4 Nf6 5.O-O Be7 6.Re1 b5 7.Bb3 O-O 8.d4 Nxd4
9.Nxd4 exd4 10.e5 Ne8 11.Qxd4 Bb7 12.c4 bxc4 13.Bxc4 d5 14.exd6 Nxd6 15.Bf1
Bf6 16.Qa4 Re8 17.Rd1 Qe7 18.Nc3 Bxc3 19.bxc3 Ne4 20.Rd7 Qe6 21.Bc4 Nxc3
22.Bxe6 Rxe6 23.Qd1 Nxd1 24.Rxd1 Bd5 25.Bf4 c6 26.a3 h6 27.Rab1 g5 28.Be3 Re4
29.h3 Rae8 30.Rb6 Ra4 31.Rd3 Ree4 32.Kh2 Rec4 33.Kg1 Kg7 34.Bd2 Be4 35.Re3 Kg6
36.Rb7 Rc2 37.Rd7 Bd5 38.Bb4 a5 39.Bf8 h5 40.Rd6+ Be6 41.Be7 Rf4 42.Re5 g4
43.Rg5+ Kh6 44.Rd8 Bf5 45.Rh8+ Bh7 46.h4 {#r} 1-0

[Event "ch-MGL Women 2017"]
[Site "masterchessopen.com Dadal MGL"]
[Date "2017.03.23"]
[Round "9.5"]
[White "Nomindalai,Tumurbaatar"]
[Black "Batchimeg,Tuvshintugs"]
[Result "0-1"]
[WhiteElo "1804"]
[BlackElo "2403"]

1.d4 Nf6 2.Bg5 c5 3.Bxf6 gxf6 4.dxc5 Qa5+ 5.Nd2 Qxc5 6.e3 b6 7.Ngf3 Bb7 8.c3
e6 9.Bd3 Nc6 10.Ne4 Qe7 11.Qb3 d5 12.Ng3 O-O-O 13.a4 h5 14.Bb5 h4 15.Ne2 e5
16.O-O h3 17.g3 Na5 18.Qc2 a6 19.b4 Nc4 20.Bxc4 dxc4 21.Nd2 Qe6 22.Qa2 Kb8
23.Rfd1 Bh6 24.b5 Qd5 25.e4 Qd3 26.Kf1 Bxd2 27.bxa6 Qxe4 28.Rxd2 Qg2+ 29.Ke1
{#R} 0-1

[Event "180th YMCA Winter B 2017"]
[Site "masterchessopen.com Warsaw POL"]
[Date "2017.03.23"]
[Round "11"]
[White "Chmielewska,J"]
[Black "Sawicki,Wojciech"]
[Result "0-1"]
[WhiteElo "1782"]
[BlackElo "1769"]
[EventType "tourn"]

1.e4 c5 2.Nf3 d6 3.d4 cxd4 4.Nxd4 Nf6 5.Nc3 g6 6.Bc4 Bg7 7.Bb3 O-O 8.Be3 Nc6
9.f3 Bd7 10.Qd2 Ne5 11.h4 h5 12.O-O-O Rc8 13.Kb1 Nc4 14.Bxc4 Rxc4 15.Nde2 b5
16.Bh6 b4 17.Nd5 Nxd5 18.Bxg7 Kxg7 19.exd5 Qc7 20.Ng3 Rh8 21.Rhe1 Bc8 22.Re4
Rxe4 23.fxe4 Bg4 24.Rf1 Rc8 25.Rf2 a5 26.Nf1 Qc5 27.Nh2 Bd7 28.Nf3 f6 29.Re2
a4 30.Re3 Ra8 31.c3 Rb8 32.Qd4 bxc3 33.Rxc3 Qb5 34.Rc1 Rb7 35.Qc3 Qe2 36.Nd4
Qxe4+ 37.Ka1 Qxd5 38.Re1 e5 39.Nc2 Be6 {#R} 0-1

[Event "180th YMCA Winter B 2017"]
[Site "masterchessopen.com Warsaw POL"]
[Date "2017.03.23"]
[Round "11"]
[White "Mlynarski,Z"]
[Black "Rusin,Ryszard"]
[Result "0-1"]
[WhiteElo "1616"]
[BlackElo "1772"]
[EventType "tourn"]

1.e4 e5 2.Nf3 Nf6 3.Nxe5 d6 4.Nf3 Nxe4 5.d4 d5 6.Bd3 Be7 7.O-O O-O 8.Nbd2 Nd6
9.Ne5 g6 10.c4 dxc4 11.Ndxc4 Bf6 12.Be3 Be6 13.Na5 c5 14.Qa4 c4 15.Be2 b5
16.Qa3 Ne4 17.b4 Bd5 18.Ng4 Bg7 19.f3 Nd6 20.Rad1 Nd7 21.Bf2 Re8 22.Ne3 Nb6
23.Rfe1 Qd7 24.Qc1 Bh6 25.Nxd5 Bxc1 26.Nf6+ Kg7 27.Nxd7 Ba3 28.Nxb6 axb6
29.Nc6 Bb2 30.d5 Rxa2 31.Bd4+ f6 32.Bxb2 Rxb2 33.Kf1 Nf5 34.Rb1 Rd2 35.g4 Ne3+
36.Kg1 Nc2 37.Rbd1 Rexe2 38.Rxe2 Rxd1+ 39.Kf2 Nd4 {#R} 0-1

[Event "March Lviv Tradition IMA"]
[Site "masterchessopen.com Lviv UKR"]
[Date "2017.03.23"]
[Round "4.4"]
[White "Burnett,A"]
[Black "Bykovskiy,Oleg"]
[Result "0-1"]
[WhiteElo "2162"]
[BlackElo "2332"]

1.d4 Nf6 2.c4 c5 3.Nf3 e6 4.Nc3 d5 5.cxd5 exd5 6.g3 c4 7.Bg2 Be7 8.O-O O-O
9.Ne5 Nc6 10.b3 cxb3 11.axb3 Be6 12.Bb2 Bd6 13.f4 Bc7 14.e3 Re8 15.Qf3 g6
16.h3 h5 17.g4 hxg4 18.hxg4 Nxe5 19.fxe5 Nxg4 20.Bh3 Nxe5 21.dxe5 Qg5+ 22.Bg2
Bxe5 23.Nd1 Bxb2 24.Nxb2 Bf5 25.Qf4 Qf6 26.Rf2 Qc3 27.Rd1 Rxe3 28.Qd4 Re1+
29.Kh2 Qc7+ 30.Qf4 Qxf4+ 31.Rxf4 Re2 32.Nd3 Be4 33.Nf2 f5 34.Rxd5 Bxd5
35.Bxd5+ Kg7 36.Bxb7 Rb8 37.Bd5 Rd8 38.Bc4 Re3 39.Kg2 Kf6 40.Rh4 Rd2 41.Rh7
Rc3 {#R} 0-1

[Event "March Lviv Tradition IMA"]
[Site "masterchessopen.com Lviv UKR"]
[Date "2017.03.23"]
[Round "4.5"]
[White "Krzywda,A"]
[Black "Sevostianov,P"]
[Result "0-1"]
[WhiteElo "2132"]
[BlackElo "2248"]

1.e4 e5 2.Nf3 Nc6 3.d4 exd4 4.Nxd4 g6 5.Nc3 Bg7 6.Be3 Nf6 7.Nxc6 bxc6 8.e5 Ng8
9.f4 f6 10.Qf3 fxe5 11.O-O-O Qf6 12.Bc4 Ne7 13.Bb3 d5 14.Bc5 e4 15.Qf2 O-O
16.Nxe4 Qxf4+ 17.Qxf4 Rxf4 18.Bxe7 Rxe4 19.Rxd5 cxd5 20.Bxd5+ Re6 21.Re1 Kf7
22.Bd8 c6 23.Bc4 Bd7 {#R} 0-1

[Event "March Lviv Tradition IMA"]
[Site "masterchessopen.com Lviv UKR"]
[Date "2017.03.23"]
[Round "5.5"]
[White "Terletsky,O"]
[Black "Khamidov,K"]
[Result "1-0"]
[WhiteElo "2279"]
[BlackElo "2135"]

1.e4 e5 2.Nf3 Nc6 3.d4 exd4 4.Nxd4 Bb4+ 5.c3 Bc5 6.Be3 Bb6 7.Bc4 Nge7 8.O-O
O-O 9.Bg5 h6 10.Bh4 g5 11.Bg3 d5 12.exd5 Nxd4 13.cxd4 Nxd5 14.Nc3 Be6 15.Bb3
c6 16.Na4 Bc7 17.Nc5 Bc8 18.Bxd5 cxd5 19.Bxc7 Qxc7 20.Rc1 Qd6 21.f4 b6 22.Nd3
f6 23.fxg5 hxg5 24.Qh5 Kg7 25.Ne5 fxe5 26.Qxg5+ Kh8 27.Rxf8+ Qxf8 28.Rf1 {#r}
1-0

[Event "March Lviv Tradition IMB"]
[Site "masterchessopen.com Lviv UKR"]
[Date "2017.03.23"]
[Round "4.4"]
[White "Goluch,P"]
[Black "Gavrish,L"]
[Result "1-0"]
[WhiteElo "2288"]
[BlackElo "2217"]

1.Nf3 Nf6 2.c4 c5 3.g3 g6 4.Bg2 Bg7 5.O-O O-O 6.Nc3 Nc6 7.d4 cxd4 8.Nxd4 Ng4
9.Nc2 Bxc3 10.bxc3 Qa5 11.Bd2 d6 12.Nb4 Qc5 13.Nxc6 bxc6 14.Qa4 Rb8 15.h3 Ne5
16.Be3 Qxc4 17.Qxa7 Rb7 18.Qd4 Qxe2 19.Rfe1 Qh5 20.g4 Qh4 21.f4 c5 22.Bf2 Qh6
23.Qe4 f5 24.Qd5+ Nf7 25.g5 Qg7 26.Qc4 Ra7 27.Bd5 Kh8 28.Rab1 Nd8 29.Rb8 Bd7
30.Bxc5 Ra4 31.Bd4 e5 32.Qc7 Be6 33.Qxd8 Bxd5 34.Qxd6 exd4 35.Rxf8+ Bg8
36.Rxg8+ {#r} 1-0

[Event "March Lviv Tradition IMB"]
[Site "masterchessopen.com Lviv UKR"]
[Date "2017.03.23"]
[Round "5.1"]
[White "Kagramanianz,V"]
[Black "Krykun,Yuriy"]
[Result "0-1"]
[WhiteElo "2292"]
[BlackElo "2238"]

1.d4 Nf6 2.Nf3 g6 3.Bf4 Bg7 4.e3 O-O 5.Be2 d6 6.h3 c5 7.c3 Be6 8.O-O Qb6 9.Qc1
Nc6 10.Nbd2 cxd4 11.exd4 Nd5 12.Bg3 Rfc8 13.Nb3 Nf6 14.Qd1 a5 15.Ng5 Bd7 16.a4
h6 17.Nf3 Nb8 18.Nfd2 Bc6 19.Bf3 Nbd7 20.Bxc6 bxc6 21.Ra2 c5 22.dxc5 Nxc5
23.Nxc5 Qxc5 24.Re1 d5 25.Ra1 e6 26.Be5 Qb6 27.Rb1 Ne4 28.Nxe4 Bxe5 29.Nd2 Bg7
30.Nf3 Rc4 31.Re2 Rb8 32.Ra1 Rc7 33.Ra2 Rcb7 34.Nd4 Bxd4 35.Qxd4 Qxd4 36.cxd4
Rb4 37.Rd2 Rc4 38.Ra3 Rbb4 {#R} 0-1

[Event "March Lviv Tradition IMB"]
[Site "masterchessopen.com Lviv UKR"]
[Date "2017.03.23"]
[Round "5.2"]
[White "Gavrish,L"]
[Black "Nester,I"]
[Result "0-1"]
[WhiteElo "2217"]
[BlackElo "2326"]

1.d4 f5 2.c4 Nf6 3.Nc3 e6 4.Qc2 Be7 5.Nf3 O-O 6.e4 fxe4 7.Nxe4 Nc6 8.Bd3 h6
9.a3 Nxe4 10.Bxe4 d5 11.Bh7+ Kh8 12.Be3 Bf6 13.O-O-O Na5 14.Ne5 Bxe5 15.dxe5
Nxc4 16.Bc5 Rf7 17.Bg6 Rd7 18.f4 b6 19.Bf2 Qf8 20.g3 a5 21.Rhe1 Re7 22.f5 exf5
23.Rxd5 Be6 24.Rd4 b5 25.Rf4 Rd7 26.Bxf5 Rd2 27.Qe4 Bd5 28.Qxc4 bxc4 29.Kxd2
g5 30.e6 gxf4 31.Bd4+ Kg8 32.Bg6 Qd6 33.Bf7+ Kh7 34.Kc3 f3 35.Bh5 Bxe6 36.Bxf3
Rd8 37.Be4+ Kg8 {#R} 0-1

[Event "29th TCh-IRQ 2017"]
[Site "masterchessopen.com Baghdad IRQ"]
[Date "2017.03.23"]
[Round "7"]
[White "Gagunashvili,M"]
[Black "Zozek,S"]
[Result "1-0"]
[WhiteElo "2567"]
[BlackElo "2289"]
[EventType "team"]

1.c4 c6 2.Nf3 d5 3.e3 Nf6 4.Nc3 Nbd7 5.Qc2 e6 6.b3 Bd6 7.Bb2 O-O 8.Rg1 e5
9.cxd5 cxd5 10.Nb5 Bb8 11.Ba3 Re8 12.Rc1 e4 13.Nfd4 Bxh2 14.Rh1 Be5 15.Nc7
Bxc7 16.Qxc7 Qxc7 17.Rxc7 a6 18.Nf5 b6 19.Be2 Rd8 20.Ne7+ Kh8 21.f4 Ne8 22.Rc1
Ndf6 23.Kf2 Bd7 24.Rh4 Bb5 25.g4 Bxe2 26.Kxe2 Ng8 27.Rch1 h6 28.Nf5 Rac8
29.Bb2 Kh7 30.g5 Rc6 31.Rg4 Rg6 32.Rhg1 Rc8 33.Nh4 Rgc6 34.gxh6 Nxh6 35.Rxg7+
Nxg7 36.Rxg7+ Kh8 37.Rxf7+ Kg8 38.Rg7+ Kf8 39.Ng6+ Ke8 40.Ne7 Rc2 41.Nxc8 Rxb2
42.Nxb6 d4 43.exd4 Nf5 44.Rg5 Nxd4+ 45.Ke3 Nf3 46.Ra5 Nxd2 47.Rxa6 Kf7 48.Nd5
{#r} 1-0

[Event "29th TCh-IRQ 2017"]
[Site "masterchessopen.com Baghdad IRQ"]
[Date "2017.03.23"]
[Round "7"]
[White "Sadek,S"]
[Black "Ahmad,Az"]
[Result "0-1"]
[WhiteElo "2315"]
[BlackElo "2400"]
[EventType "team"]

1.d4 Nf6 2.c4 e6 3.Nf3 b6 4.e3 Bb7 5.Bd3 d5 6.O-O Be7 7.b3 O-O 8.Bb2 Nbd7
9.Nbd2 Ne4 10.cxd5 exd5 11.Rc1 f5 12.Qe2 c5 13.Ba6 Bxa6 14.Qxa6 Qc8 15.Qd3 Qb7
16.Rfd1 f4 17.exf4 Rxf4 18.Nxe4 dxe4 19.Qc4+ Kh8 20.Ne5 Nxe5 21.dxe5 Raf8
22.Qe2 Rxf2 23.Qxf2 Rxf2 24.Kxf2 e3+ 25.Kg1 Qe4 26.Re1 Qd3 27.e6 Qd2 28.Be5 h5
29.Rcd1 Qf2+ 30.Kh1 h4 31.h3 e2 32.Rb1 Bg5 33.Bh2 Qf5 34.Bg1 Qe5 35.Bf2 Bd2
36.Bxh4 Bxe1 37.Rxe1 Qxe6 38.Kg1 Qe3+ 39.Bf2 Qd2 40.a3 g5 41.Kh2 Kg7 42.Bg3
Kf6 43.Kg1 Qe3+ 44.Bf2 Qd3 {#R} 0-1

[Event "29th TCh-IRQ 2017"]
[Site "masterchessopen.com Baghdad IRQ"]
[Date "2017.03.23"]
[Round "7"]
[White "Araz,B"]
[Black "Namer,N"]
[Result "1-0"]
[WhiteElo "2360"]
[BlackElo "2133"]
[EventType "team"]

1.c4 e5 2.g3 Nf6 3.Bg2 Nc6 4.Nc3 Bb4 5.Nd5 Bc5 6.e3 O-O 7.Ne2 d6 8.O-O a5 9.b3
Nxd5 10.cxd5 Ne7 11.d4 exd4 12.Nxd4 Bd7 13.a3 Qc8 14.Re1 Bg4 15.Qd2 Re8 16.Bb2
Ng6 17.Qc3 Bxd4 18.Qxd4 f6 19.f4 Re7 20.Rac1 Bh3 21.Bf3 Bg4 22.Bh1 Qd7 23.Qd3
Rae8 24.Bd4 Bf5 25.Qc3 b6 26.Qc6 Qd8 27.Kf2 Qb8 28.Bf3 Bc8 29.h4 Bb7 30.Qc3
Ne5 31.fxe5 fxe5 32.Bxe5 dxe5 33.e4 Rf8 34.Kg2 Qd8 35.Re3 Qd6 36.b4 axb4
37.Qxb4 Qf6 38.Rf1 Ref7 39.Be2 Qh6 40.Rxf7 Rxf7 41.Qc3 c5 42.dxc6 Bxc6 43.Bc4
Qf6 44.Bxf7+ Kxf7 45.Rf3 {#r} 1-0

[Event "29th TCh-IRQ 2017"]
[Site "masterchessopen.com Baghdad IRQ"]
[Date "2017.03.23"]
[Round "7"]
[White "Ismail,Khalel Tariq"]
[Black "Noori,Sabah Nori"]
[Result "0-1"]
[WhiteElo "1397"]
[BlackElo "2070"]
[EventType "team"]

1.d4 d5 2.Nf3 Nf6 3.c4 e6 4.Nc3 c6 5.Bg5 Nbd7 6.e3 Qa5 7.Bxf6 Nxf6 8.Qc2 Bb4
9.a3 Ne4 10.Rc1 Bxc3+ 11.bxc3 Qxa3 12.Bd3 Nf6 13.c5 O-O 14.O-O Qa5 15.h4 Qc7
16.Ne5 h5 17.f4 Ng4 18.Be2 Nxe3 19.Qd3 Nxf1 20.Rxf1 b6 21.cxb6 axb6 22.Bxh5
Ba6 23.c4 dxc4 24.Qc2 Qd6 25.Qc3 b5 26.Bf3 b4 27.Qe3 Bb5 28.h5 Ra3 29.Qf2 Rd8
30.Rd1 f6 31.Ng4 Qxf4 32.d5 Rxf3 33.gxf3 Rxd5 34.Rxd5 exd5 35.Qe2 Qg3+ 36.Kh1
Qh3+ 37.Kg1 Kf7 38.f4 c3 39.Qd1 c2 {#R} 0-1

[Event "29th TCh-IRQ 2017"]
[Site "masterchessopen.com Baghdad IRQ"]
[Date "2017.03.23"]
[Round "7"]
[White "Babiy,Olga"]
[Black "Ibrahim,D"]
[Result "1-0"]
[WhiteElo "2334"]
[BlackElo "1934"]
[EventType "team"]

1.e4 c5 2.Nf3 Nc6 3.d4 cxd4 4.Nxd4 d6 5.Nc3 Nf6 6.f4 Bg4 7.Nf3 g6 8.h3 Bxf3
9.Qxf3 Bg7 10.Bd3 a6 11.O-O O-O 12.a3 Rc8 13.Be3 Nd7 14.Kh1 Na5 15.Bd2 Nc4
16.Bxc4 Rxc4 17.Rad1 b5 18.Be1 Qa8 19.e5 Qc6 20.Nd5 Re8 21.Bh4 Bf8 22.exd6
exd6 23.f5 Kh8 24.fxg6 fxg6 25.Qf7 Rce4 26.Nf6 {#r} 1-0

[Event "29th TCh-IRQ 2017"]
[Site "masterchessopen.com Baghdad IRQ"]
[Date "2017.03.23"]
[Round "7"]
[White "Mohammed,A2"]
[Black "Dana Jamal Qadir"]
[Result "1-0"]
[WhiteElo "2052"]
[BlackElo "1961"]
[EventType "team"]

1.e4 e6 2.d4 d5 3.Nd2 Nf6 4.e5 Nfd7 5.f4 c5 6.c3 Nc6 7.Ndf3 Qb6 8.g3 cxd4
9.cxd4 Bb4+ 10.Kf2 O-O 11.Kg2 Be7 12.Bd3 f5 13.Ne2 Qd8 14.h3 Nb6 15.g4 g6
16.b3 Bd7 17.Be3 Nb4 18.Bb1 Rc8 19.a3 Nc6 20.Bd3 a5 21.Qe1 Kh8 22.h4 a4 23.b4
Nc4 24.Bc1 h6 25.Ng3 fxg4 26.Ng5 Nxd4 27.Bxg6 Be8 28.Bb1 hxg5 29.hxg5+ Kg8
30.Rh8+ Kg7 31.Rh7+ Kg8 32.Qh1 Bc6 33.Rh8+ {#r} 1-0

[Event "29th TCh-IRQ 2017"]
[Site "masterchessopen.com Baghdad IRQ"]
[Date "2017.03.23"]
[Round "7"]
[White "Didar,Mohammed Zhaher Hassan"]
[Black "Amjad Alaa Abbas"]
[Result "1-0"]
[WhiteElo "2225"]
[BlackElo "1865"]
[EventType "team"]

1.d4 e6 2.Nf3 d5 3.g3 Bd6 4.Bg2 f5 5.c4 c6 6.Nc3 Nf6 7.Bf4 Bxf4 8.gxf4 Nbd7
9.Qc2 Ne4 10.c5 O-O 11.b4 Rf6 12.e3 Rg6 13.Bf1 a5 14.b5 a4 15.b6 Nxb6 16.cxb6
Qxb6 17.Nxe4 fxe4 18.Ne5 Rh6 19.Be2 Qb4+ 20.Qd2 Qe7 21.Rb1 Qc7 22.Qb4 Rf6
23.h4 b5 24.Rc1 {#r} 1-0

[Event "29th TCh-IRQ 2017"]
[Site "masterchessopen.com Baghdad IRQ"]
[Date "2017.03.23"]
[Round "7"]
[White "Namir,M"]
[Black "Isam,N"]
[Result "1-0"]
[WhiteElo "2179"]
[BlackElo "1921"]
[EventType "team"]

1.d4 f5 2.Nc3 Nf6 3.Bg5 b6 4.f3 Bb7 5.Qd2 e6 6.e3 Be7 7.Bd3 Nc6 8.Nge2 Nb4
9.O-O Nxd3 10.Qxd3 O-O 11.e4 h6 12.Bd2 c5 13.e5 Ne8 14.d5 d6 15.Nf4 Nc7
16.exd6 Bxd6 17.Nxe6 Qh4 18.f4 Ba6 19.Qf3 Bxf1 20.Nxf8 Bxg2 21.Kxg2 Rxf8
22.Re1 b5 23.Ne2 Re8 24.Rd1 Re4 25.Ng3 Bxf4 26.Nxe4 Qxh2+ 27.Kf1 Nxd5 28.Bxf4
Nxf4 29.Nf2 Ng6 30.Rd8+ Kh7 31.Qxf5 Qc7 32.Rd7 Qc6 33.Qf7 {#r} 1-0

[Event "29th TCh-IRQ 2017"]
[Site "masterchessopen.com Baghdad IRQ"]
[Date "2017.03.23"]
[Round "7"]
[White "Firas,Q"]
[Black "Ahmed,Abdu"]
[Result "0-1"]
[WhiteElo "1992"]
[BlackElo "2221"]
[EventType "team"]

1.e4 c5 2.Nf3 e6 3.b3 Nf6 4.e5 Nd5 5.c4 Nb4 6.Bb2 Be7 7.Be2 O-O 8.O-O d6
9.exd6 Qxd6 10.Na3 a6 11.Nc2 Nxc2 12.Qxc2 Nc6 13.Rfe1 Rd8 14.Bf1 b6 15.Rad1
Bb7 16.d4 Nb4 17.Qe2 cxd4 18.Nxd4 Qf4 19.Nxe6 fxe6 20.Qxe6+ Qf7 21.Qxe7 Qxe7
22.Rxe7 Rxd1 23.Rxg7+ Kf8 24.Rxb7 Re8 25.Ba3 a5 26.g3 Ree1 27.Rxb6 Rxf1+
28.Kg2 Rg1+ 29.Kh3 Ra1 30.Rb5 Kf7 31.Rxa5 Nd3 32.Kg4 Rxa2 33.Ra7+ Ke8 34.Bc5
Rxa7 35.Bxa7 Rb1 36.f4 Rxb3 37.Kh5 Kf7 38.h4 Rc3 39.Kh6 Kg8 40.f5 Rxc4 41.Kg5
Ne5 42.Bb8 Rg4+ 43.Kh5 Re4 44.Kg5 Kf7 45.Bc7 Nd7 46.Bf4 Nf6 47.Kh6 Rc4 48.Kg5
Kg7 49.h5 h6+ 50.Kh4 Nd5 {#R} 0-1

[Event "29th TCh-IRQ 2017"]
[Site "masterchessopen.com Baghdad IRQ"]
[Date "2017.03.23"]
[Round "8"]
[White "Shlaga,J"]
[Black "Barsov,A"]
[Result "0-1"]
[WhiteElo "1949"]
[BlackElo "2441"]
[EventType "team"]

1.e4 e6 2.d4 d5 3.exd5 exd5 4.Bd3 c5 5.c3 cxd4 6.cxd4 Nc6 7.Be3 Nf6 8.h3 Qb6
9.Qe2 Bb4+ 10.Nc3 O-O 11.Nf3 Qa5 12.Qc2 Bd6 13.Qb3 Nb4 14.Bb1 Qa6 15.Qd1 Re8
16.a3 Kf8 17.Bxh7 Nxh7 18.axb4 Qc4 19.Qc2 Nf6 20.b3 Qc7 21.O-O Ne4 22.Rfc1
Qxc3 23.Qxc3 Nxc3 24.Rxc3 Bxb4 25.Rc7 Bd6 26.Rcc1 f6 27.Ra5 Be6 28.Rb5 b6
29.Ne1 Reb8 30.Nd3 a6 31.Bf4 Bxf4 32.Nxf4 axb5 33.Nxe6+ Kf7 34.Nf4 Rc8 35.Rd1
Ra3 36.Nxd5 Rd8 37.Ne3 Rxb3 38.d5 b4 39.Ra1 Rxe3 40.fxe3 Rxd5 41.Rb1 Rb5
42.Rb3 Ke6 43.Kf2 Kd5 44.Ke2 Kc4 45.Rb1 b3 {#R} 0-1

[Event "29th TCh-IRQ 2017"]
[Site "masterchessopen.com Baghdad IRQ"]
[Date "2017.03.23"]
[Round "8"]
[White "Namir,M"]
[Black "Hayder,F"]
[Result "1-0"]
[WhiteElo "2179"]
[BlackElo "1900"]
[EventType "team"]

1.d4 d5 2.Nf3 Nf6 3.Bf4 e6 4.e3 c6 5.c4 Be7 6.Nc3 O-O 7.Bd3 b6 8.O-O Bb7 9.e4
dxc4 10.Bxc4 Nbd7 11.Qe2 Re8 12.Rfd1 Nf8 13.h3 Ng6 14.Bh2 Bf8 15.Rac1 b5
16.Bb3 Qb6 17.e5 Nd7 18.Ng5 Qd8 19.Qh5 Be7 20.Qxh7+ Kf8 21.Nxe6+ {#r} 1-0

[Event "29th TCh-IRQ 2017"]
[Site "masterchessopen.com Baghdad IRQ"]
[Date "2017.03.23"]
[Round "8"]
[White "Jaafer,Hayder A. Jaafer"]
[Black "Ahmed,Abdu"]
[Result "0-1"]
[WhiteElo "1710"]
[BlackElo "2221"]
[EventType "team"]

1.e4 c5 2.Nf3 e6 3.d4 cxd4 4.Nxd4 Nf6 5.Nc3 Nc6 6.Bg5 Bb4 7.Nxc6 bxc6 8.Bd3
Qa5 9.Bd2 Qc7 10.O-O Rb8 11.Rb1 d5 12.exd5 cxd5 13.Nb5 Qe7 14.Bxb4 Qxb4
15.Nc7+ Ke7 16.Na6 Bxa6 17.Bxa6 Rhd8 18.Qe2 Qe4 19.Qd2 Kf8 20.b3 Qb4 21.Qxb4+
Rxb4 22.f3 d4 23.Rbd1 Nd5 24.a3 Rb6 25.Bc4 Ne3 26.Ba6 Rb4 27.Rb1 Rb6 28.Rbd1
{#R} 0-1

[Event "29th TCh-IRQ 2017"]
[Site "masterchessopen.com Baghdad IRQ"]
[Date "2017.03.23"]
[Round "8"]
[White "Zozek,S"]
[Black "Basim,J"]
[Result "1-0"]
[WhiteElo "2289"]
[BlackElo "2049"]
[EventType "team"]

1.d4 d5 2.c4 c6 3.Nf3 Nf6 4.Nc3 e6 5.Bg5 dxc4 6.e4 b5 7.e5 h6 8.Bh4 g5 9.Nxg5
hxg5 10.Bxg5 Nbd7 11.g3 Bb7 12.Bg2 Qb6 13.exf6 O-O-O 14.O-O Ne5 15.dxe5 Rxd1
16.Raxd1 a5 17.Ne4 c5 18.Rd2 Bd5 19.Nc3 Bxg2 20.Kxg2 Qc6+ 21.f3 b4 22.Ne4 Qc7
23.Rfd1 a4 24.h4 a3 25.bxa3 c3 26.Rc2 Qa5 27.axb4 cxb4 28.Bf4 Qa4 29.Rdc1 Kd7
30.Nxc3 bxc3 31.Rxc3 Bc5 32.Rxc5 Rb8 33.Rc7+ Ke8 34.R1c2 Rb7 35.Rc8+ Kd7 36.h5
Rb2 37.Rxb2 Kxc8 {#r} 1-0

[Event "29th TCh-IRQ 2017"]
[Site "masterchessopen.com Baghdad IRQ"]
[Date "2017.03.23"]
[Round "8"]
[White "Younis,S"]
[Black "Sadek,S"]
[Result "0-1"]
[WhiteElo "2178"]
[BlackElo "2315"]
[EventType "team"]

1.d4 d5 2.c4 c6 3.Nf3 Nf6 4.Nc3 dxc4 5.a4 Bf5 6.e3 e6 7.Ne5 Nbd7 8.Nxc4 Bb4
9.Be2 O-O 10.O-O Qc7 11.Bf3 e5 12.Qb3 a5 13.e4 Be6 14.d5 Nc5 15.Qc2 Bxc3
16.dxe6 Bd4 17.exf7+ Rxf7 18.Ne3 g6 19.Be2 Kg7 20.f3 Qb6 21.Kh1 Nb3 22.Ra3
Nxc1 23.Nc4 Qc5 24.Rxc1 h5 25.Rb3 h4 26.g3 hxg3 27.hxg3 Rh8+ 28.Kg2 Bxb2
29.Ne3 Qxc2 30.Rxc2 Bd4 31.Nf1 Kf8 32.Bc4 Rfh7 33.f4 Nxe4 34.fxe5 Ng5 35.Rd3
c5 36.Bb5 Ne6 37.Rf3+ Ke7 38.Rf6 Rh1 39.Rxg6 Rg1+ 40.Kf3 Rf8+ 41.Rf6 Rxf6+
42.exf6+ Bxf6 43.Ke4 Nd4 44.Rf2 Nxb5 45.axb5 a4 46.Ne3 Re1 47.Kd3 Rxe3+ {#R}
0-1

[Event "29th TCh-IRQ 2017"]
[Site "masterchessopen.com Baghdad IRQ"]
[Date "2017.03.23"]
[Round "8"]
[White "Namer,N"]
[Black "Hayder,H"]
[Result "1-0"]
[WhiteElo "2133"]
[BlackElo "2045"]
[EventType "team"]

1.Nf3 d5 2.d4 Nf6 3.c4 c6 4.Nc3 e6 5.g3 Be7 6.Bg2 O-O 7.O-O dxc4 8.Ne5 c5
9.dxc5 Qxd1 10.Rxd1 Bxc5 11.Bg5 Nd5 12.Nxd5 exd5 13.Bxd5 Nc6 14.Nxc6 bxc6
15.Bxc4 Rb8 16.b3 Bh3 17.Rac1 h6 18.Bf4 Rbd8 19.Bd3 Bb6 20.Rxc6 Bf5 21.Bd6 Bd7
22.Rxb6 axb6 23.Bxf8 Rxf8 24.Bh7+ Kxh7 25.Rxd7 Ra8 26.a4 f6 27.Rb7 Ra6 28.f4
f5 29.Kf2 Kg6 30.Kf3 Kf6 31.e4 fxe4+ 32.Kxe4 {#r} 1-0

[Event "29th TCh-IRQ 2017"]
[Site "masterchessopen.com Baghdad IRQ"]
[Date "2017.03.23"]
[Round "8"]
[White "Aziz,J"]
[Black "Rawand,Hamid Abdullah"]
[Result "0-1"]
[WhiteElo "1969"]
[BlackElo "2032"]
[EventType "team"]

1.e4 e6 2.Nf3 d5 3.exd5 exd5 4.d4 Nf6 5.Bg5 Be7 6.Be2 O-O 7.O-O Bf5 8.Re1 Nbd7
9.Nbd2 c5 10.Nf1 c4 11.Ng3 Bg6 12.Ne5 Re8 13.c3 Bd6 14.f4 Qb6 15.Kh1 Be4
16.Bh5 Nxh5 17.Nxe4 Bxe5 18.dxe5 dxe4 19.Qxd7 h6 20.Bh4 Nxf4 21.Qg4 Ng6
22.Rxe4 Nxh4 23.Qxh4 Qxb2 24.Qe1 Qb5 25.Rb1 Qc6 26.Qe2 b5 27.Rf1 Rad8 28.h3
Rd3 29.Qg4 Rxc3 30.Rf6 Qc8 31.e6 Rxe6 32.Rexe6 fxe6 33.Qg6 Rc1+ 34.Kh2 Qc7+
35.g3 Qd7 36.h4 Qd2+ 37.Kh3 Rh1+ 38.Kg4 Qd4+ 39.Rf4 Qd1+ 40.Rf3 Qd7 41.Kh5 Rd1
42.g4 Qd5+ 43.Rf5 exf5 44.Qe8+ Kh7 45.Qg6+ Kh8 46.Qe8+ Qg8 47.Qe2 Qf7# 0-1